[Event "Asia Cities-ch 13th"]
[Site "Aden"]
[Date "2002.02.11"]
[Round "7"]
[White "De Silva, Nirosh"]
[Black "Khalidhara, M."]
[Result "1/2-1/2"]
[WhiteElo "2230"]
[BlackElo "2192"]
[PlyCount "36"]
[EventDate "2002.02.07"]
[EventType "team-swiss"]
[EventRounds "9"]
[EventCountry "YEM"]
[SourceTitle "EXT 2020"]
[Source "ChessBase"]
[SourceDate "2019.10.17"]
[SourceVersion "1"]
[SourceVersionDate "2019.10.17"]
[SourceQuality "1"]
[WhiteTeam "Colombo"]
[BlackTeam "Sanaa"]
[WhiteTeamCountry "SRI"]
[BlackTeamCountry "YEM"]

1. e4 e5 2. Nf3 Nc6 3. Bb5 a6 4. Ba4 Nf6 5. Qe2 b5 6. Bb3 Be7 7. 0-0 0-0 8. c3 d6 9. d4 Bg4 10. Rd1 Qc8 11. h3 Bh5 12. a4 b4 13. a5 bxc3 14. bxc3 Na7 15. Bg5 Nb5 16. Qe3 Rb8 17. Nbd2 Bxf3 18. Nxf3 Nxc3 1/2-1/2